000 00811nam a2200229 i 4500
001 45578
003 ES-MaACL
005 20240228155326.0
007 t|
008 030326s1873 sp ||||1| spa d
100 1 _aColmeiro, Manuel (
_d1818-1894)
_939768
245 1 0 _aCurso de Derecho Político según la historia de León y Castilla /
_cManuel Colmeiro.
260 _aMadrid :
_bEduardo Martínez García,
_c1873.
300 _aIX, 615 p. ;
_c23 cm.
650 4 _aDerecho público-
_zLeón (Reino)
_9156948
650 4 _aDerecho público-
_zCastilla (Reino)
_9156945
651 7 _aEspaña-
_xHistoria-
_y0414-0711, Época visigoda
_2
_9162046
651 4 _aLeón (Reino)-
_xHistoria.
_98916
651 4 _aCastilla (Reino)-
_xHistoria.
_97987
852 _aES-MaACL
_jC-2431
999 _c45578
_d45578